Les 5 plus petites délégations des continents aux JP de 2024 - Statistiques

Statistiques générales
  • Ce quiz a été pris 4 fois
  • Le résultat moyen est 14 sur 25
Statistiques - réponses
Continent Nombre de membres Pays Rang % Correct
Europe 2 Luxembourg | Malte 2
100%
Afrique 2 Angola | Bénin | Botswana | Burundi | Cap-vert | Centrafrique | Congo | RD Congo | Gabon | Gambie | Guinée | Guinée-Bissau | Lesotho | Liberia | Malawi | Mali | Zambie | Zimbabwe 2
75%
Amérique 1 Barbade | Honduras | Jamaïque | Nicaragua | Paraguay | Saint-Vincent-et-les-Grenadines | Trinité-et-Tobago | Haïti 1
75%
Europe 5 Estonie | Islande | Moldavie 5
75%
Europe 1 Kosovo | Macédoine 1
75%
Océanie 25 Nouvelle-Zélande 5
75%
Asie 1 Afghanistan | Bhoutan | Birmanie | Cambodge | Laos | Liban | Pakistan | Syrie | Timor oriental | Turkménistan | Yémen 1
50%
Asie 2 Bahrein | Bangladesh | Maldives | Oman | Qatar 2
50%
Amérique 2 Bermudes | Grenade | Guatemala | Uruguay 2
50%
Afrique 1 Burkina Faso | Erythrée | Mozambique | Niger | Sao Tomé-et-Principe | Sierra Leone | Somalie | Tanzanie | Togo 1
50%
Afrique 5 Cameroun | Namibie 5
50%
Amérique 8 Costa Rica 4
50%
Afrique 3 Côte d'ivoire | Libye 3
50%
Afrique 4 Ethiopie | Ghana | Ouganda | Sénégal 3
50%
Océanie 3 Fidji 3
50%
Asie 4 Kirghizistan 4
50%
Océanie 1 Kiribati | Tonga | Vanuatu 1
50%
Asie 3 Koweït | Népal 3
50%
Europe 4 Monténégro 4
50%
Amérique 3 Panama | Salvador 3
50%
Océanie 2 Papouasie-Nouvelle-Guinée 2
50%
Océanie 4 Salomon 4
50%
Europe 3 Arménie | Bulgarie | Chypre 3
25%
Asie 6 Philippines 5
25%
Amérique 11 République dominicaine 5
25%
Aucun quiz correspondant
Distribution des résultats
% des personnes avec chaque résultat
Percentile par nombre de réponses
Votre historique - résultats
Vous n’avez pas pris ce quiz